| 000 | 00918nas a2200277 4500 | ||
|---|---|---|---|
| 001 | BR7701789 | ||
| 003 | BR-BrBNA | ||
| 005 | 20231205083141.0 | ||
| 007 | ta | ||
| 008 | 230509b bl.|||p| |||| 00| 00por d | ||
| 040 |
_aBR-BrBNA _bpor _cBiblioteca Nacional de Agricultura |
||
| 041 | _a(Pt) | ||
| 072 | _aF30 | ||
| 110 | 1 |
_aInstituto de Pesquisas Agronomicas, Porto Alegre, RS (Brasil) _96134 |
|
| 245 | 1 | _aLancamento de cultivares [Comportamento de variedade; Trigo; Triticum aestivum; Rio Grande do Sul; Santa Catatarina; Brasil] | |
| 650 | _aMelhoramento genetico vegetal | ||
| 650 | _aTrigo | ||
| 650 | _aLinhagem | ||
| 650 | _aVariedade | ||
| 650 | _aVariedade resistente | ||
| 650 | _aRio Grande do Sul | ||
| 650 | _aSanta Catarina | ||
| 773 | 0 |
_tIPAGRO Informa (Brazil) _xISSN 0100-3410 _g(May 1977), (no. 16) p. 4-17 _wBR7701789 |
|
| 909 |
_a202311 _bLúcia _c55 _dLúcia Elande |
||
| 942 |
_2AGRIS _n0 _cANA |
||
| 999 |
_c96748 _d96748 |
||